10 to 1: Emmy Best Comedy Characters Quiz Stats

 Plays Quiz Updated Sep 17, 2018

Score 0/55 Timer 06:00
47 Plays Today
% Correct
Dwight Schrute
92%
Chandler Bing
91.2%
Rachel Green
91%
Phoebe Buffay
90.9%
Monica Geller
90.8%
Joey Tribbiani
90.5%
Jerry Seinfeld
90.5%
Ross Geller
90.4%
Grace Adler
88.4%
George Costanza
88.3%
Cosmo Kramer
88.3%
Michael Scott
88.2%
Will Truman
87.7%
Elaine Benes
87.2%
Jim Halpert
85.3%
Hawkeye Pierce
84.8%
Pam Beesly
84.5%
Niles Crane
82.9%
Liz Lemon
81.8%
Andy Bernard
80.5%
Radar O'Reilly
79.9%
Newman
79.6%
Archie Bunker
79.2%
Angela Martin
78.8%
George Michael Bluth
78.4%
Buster Bluth
78%
B.J. Hunnicutt
77.3%
Trapper John McIntyre
76.5%
% Correct
Jack Donaghy
75.4%
George Steinbrenner
73.8%
Kelly Kapoor
73.5%
Tracy Jordan
73.1%
Maxwell Klinger
71.2%
Stanley Hudson
71%
Tobias Fünke
70.8%
Jenna Maroney
70.1%
Jack McFarland
70%
Margaret Houlihan
70%
Roz Doyle
69.5%
Karen Walker
69.3%
Meredith Palmer
68%
Sherman Potter
64.2%
Kenneth Parcell
63.4%
Ryan Howard
62.7%
Henry Blake
62%
Selina Meyer
60.8%
Barry Zuckerkorn
52.4%
Pete Hornberger
51.1%
Frank Rossitano
50.9%
Kenny Bania
47.4%
Cerie Xerox
46.9%
Amy Brookheimer
46.6%
Toofer Spurlock
43.7%
Jonah Ryan
42%
Steve Holt
39.7%

You're not logged in!

Compare scores with friends on all Sporcle quizzes.
OR
Log In

Show Comments

Extras

Top Quizzes Today


Score Distribution

Your Account Isn't Verified!

In order to create a playlist on Sporcle, you need to verify the email address you used during registration. Go to your Sporcle Settings to finish the process.

Report this User

Report this user for behavior that violates our Community Guidelines.

Details: